| 000 | 00751nam a22002777a 4500 | ||
|---|---|---|---|
| 003 | AR-RoUNA | ||
| 005 | 20251028191421.0 | ||
| 008 | 251028b |||||||| |||| 00| 0 spa d | ||
| 020 | _a9783833125041 | ||
| 040 |
_aAR-RoUNA _bspa _dAR-RoUNA |
||
| 041 |
_aeng _heng |
||
| 044 | _aag | ||
| 100 | 1 |
_aCobbers, Arnt _927530 |
|
| 245 | 1 | 0 |
_aFrank Lloyd Wright : _bLife and Wow / _cArnt Cobbers |
| 250 | _a1a. ed. | ||
| 260 |
_aBarcelona : _bEditorial Köneman, _c2006 |
||
| 300 |
_a95 p.: _bfot. col. _c20x16 cm |
||
| 650 | 4 | _aArquitectura | |
| 650 | 4 | _aObras | |
| 650 | 4 | _aDesarrollo profesional | |
| 908 | _aImp | ||
| 930 | _e12264 | ||
| 942 |
_2ddc _cLIB |
||
| 945 |
_aMIA _d2025-10-28 |
||
| 980 |
_61 _aMaricel Allasia _81 _gMaricel Allasia |
||
| 999 |
_c12201 _d12201 |
||